| 000 | 00710cab a2200229 4500 | ||
|---|---|---|---|
| 001 | WB2416-18 | ||
| 008 | 090401t1988 xxu||||| |||| 00| 0 eng d | ||
| 035 | _a(Sirsi) u40821 | ||
| 041 | _aeng | ||
| 245 | _aFish farms | ||
| 260 | _c1988 | ||
| 350 | _a0 | ||
| 490 |
_aScotsman _v20/4/88 p6 Glasgow Herald 20/4/88 p2 |
||
| 520 | _aThe Convention of Scottish Local Authorities, COSLA, has called for the planning powers of local authorities to be extended to give them greater control over fish farming . | ||
| 650 | _aCROWN ESTATE COMMISSIONERS | ||
| 650 | _aPLANNING CONTROL | ||
| 650 | _aSCOTLAND | ||
| 650 | _aSEABED | ||
| 690 | _aPLANNING LAW AND PRACTICE | ||
| 942 | _n0 | ||
| 948 | _c04/03/1997 | ||
| 999 |
_c26163 _d26163 |
||